Vaccines (Record no. 17209)

000 -LEADER
fixed length control field 00131nam a22000617a 4500
003 - CONTROL NUMBER IDENTIFIER
control field ASAB
005 - DATE AND TIME OF LATEST TRANSACTION
control field 20180116162549.0
008 - FIXED-LENGTH DATA ELEMENTS--GENERAL INFORMATION
fixed length control field 141028t xxu||||| |||| 00| 0 eng d
020 ## - INTERNATIONAL STANDARD BOOK NUMBER
International Standard Book Number 978-1-4160-3611-1
040 ## - CATALOGING SOURCE
Transcribing agency ASAB
082 ## - DEWEY DECIMAL CLASSIFICATION NUMBER
Classification number 615.37
245 ## - TITLE STATEMENT
Title Vaccines
Statement of responsibility, etc. by Stanley Plotkin Walter Orenstein Paul Offit
250 ## - EDITION STATEMENT
Edition statement Fifth Edition
260 ## - PUBLICATION, DISTRIBUTION, ETC.
Place of publication, distribution, etc. UK
Name of publisher, distributor, etc. Elsevier Inc.
Date of publication, distribution, etc. c2008
300 ## - PHYSICAL DESCRIPTION
Extent vii, 1725 P, ill
650 ## - SUBJECT ADDED ENTRY--TOPICAL TERM
Topical term or geographic name entry element Vaccines.
9 (RLIN) 7271
650 ## - SUBJECT ADDED ENTRY--TOPICAL TERM
Topical term or geographic name entry element Autism.
9 (RLIN) 7272
942 ## - ADDED ENTRY ELEMENTS (KOHA)
Source of classification or shelving scheme
Koha item type Book
Holdings
Withdrawn status Lost status Source of classification or shelving scheme Damaged status Not for loan Permanent Location Current Location Date acquired Total Checkouts Barcode Date last seen Date last checked out Price effective from Koha item type
          Atta-ur-Rahman School of Applied Biosciences (ASAB) Atta-ur-Rahman School of Applied Biosciences (ASAB) 10/05/2015 1 ASAB1320 12/14/2017 10/05/2015 10/05/2015 Book
          Atta-ur-Rahman School of Applied Biosciences (ASAB) Atta-ur-Rahman School of Applied Biosciences (ASAB) 10/28/2014 1 ASAB502 03/22/2017 10/28/2014 10/28/2014 Book
          Atta-ur-Rahman School of Applied Biosciences (ASAB) Atta-ur-Rahman School of Applied Biosciences (ASAB) 10/28/2014 1 ASAB1317 03/22/2017 10/28/2014 10/28/2014 Book
© 2023 Central Library, National University of Sciences and Technology. All Rights Reserved.